LEADER 01212nam a2200277 i 4500 001 000000034118 003 CaOOAMICUS 005 20110112000000.0 008 110112s1988 it u000 u ita u 013 $a273 020 $a88-372-1346-8 040 $aSeMil$bita 100 1 $aTerrin, Aldo Natale.$0(OLS)http://semarc/name/15564 245 10$aLeitourgia :$bdimensione fenomenologica e aspetti semiotici /$cAldo Natale Terrin. 260 $aBrescia :$bMorcelliana,$ccopyr. 1988. 300 $a261 p. ;$c23 cm. 490 0 $aLe scienze umane : scienze dei fenomeni umani e dei processi di civilizzazione 650 4$aLiturgia - Fenomenologia.$0(OLS)http://semarc/subject/5627 650 4$aLiturgia - Semiotica.$0(OLS)http://semarc/subject/5628 830 3$aLe scienze umane.$0(OLS)http://semarc/title/8591 850 $aSeMil 852 $aSeMil$W1$xVenegono$y1$m3K III 344$j273$B273$CSeMilBibl$Z2$F273 $81 961 $aOmaggio: Ubbiali don Sergio 996 $6020$a88-372-1346-8$9(OLS)http://semarc/number/1754 996 $6245$aLeitourgia :$bdimensione fenomenologica e aspetti semiotici$9(OLS)http://semarc/title/45975 996 $6260$aBrescia :$bMorcelliana$9(OLS)http://semarc/publisher/29629 LEADER 01069nam a2200253 i 4500 001 000000063913 003 CaOOAMICUS 005 20130404000000.0 008 130404s1960 xx u000 u fre u 013 $a35085 040 $aSeMil$bita 100 1 $aBarth, Karl ,$d<1886-1968>.$0(OLS)http://semarc/name/587 245 10$aPhilosophie et théologie /$cKarl Barth ; traduction française de Fernand Ryser. 260 $aGenève :$bLabor et Fides,$c1960. 300 $a44 p. ;$c19 cm. 490 0 $aLes cahiers du Renouveau ;$v20. 650 4$aFilosofia e teologia.$0(OLS)http://semarc/subject/1243 650 4$aTeologia protestante.$0(OLS)http://semarc/subject/720 700 1 $aRyser, Fernand.$0(OLS)http://semarc/name/31782 830 4$aLes cahiers du Renouveau ;$v20.$0(OLS)http://semarc/title/20083 850 $aSeMil 852 $aSeMil$W1$xVenegono$y1$m2M I 49$j30066$B30066$CSeMilBibl$Z2$F30069 $81 996 $6245$aPhilosophie et théologie$9(OLS)http://semarc/title/101032 996 $6260$aGenève :$bLabor et Fides$9(OLS)http://semarc/publisher/31164